English for Socializing : Express Series /

Enregistré dans:
Détails bibliographiques
Auteurs principaux: Gore, Sylee (Auteur), Smith David Gordon (Auteur)
Format: Livre
Langue:anglais
Publié: Oxford : Oxford University Press, 2007
Édition:1. vydanie
Tags: Ajouter un tag
Pas de tags, Soyez le premier à ajouter un tag!

MARC

LEADER 00000nam a22000003a 4500
001 0117248
003 SK-STU
005 20250923110940.2
007 ta
008 250923s ----xo-----e------000-0-----d
020 |a 978-0-19-457939-1 
040 |a STU  |b slo 
041 0 |a eng 
044 |a xxk 
100 1 |a Gore, Sylee  |4 aut  |r Z6 
245 1 0 |a English for Socializing :  |b Express Series /  |c aut. Sylee Gore, Smith David Gordon 
250 |a 1. vydanie 
260 |a Oxford :  |b Oxford University Press,  |c 2007 
300 |a 79 s.,  |b CD-ROM 
700 1 |a Smith David Gordon  |r Z6  |4 aut 
996 |b 284EK91110  |c E* 91110  |l EE01  |s A  |a 24  |w 0117248_0001